[Event "Oberliga Nord N 1415"]
[Site "Germany"]
[Date "2015.02.01"]
[Round "6.5"]
[White "Lampe, Joerg"]
[Black "Stenner, Patrick"]
[Result "1/2-1/2"]
[WhiteElo "2168"]
[BlackElo "2200"]
[PlyCount "109"]
[EventDate "2014.09.21"]
[EventType "team-tourn"]
[EventRounds "9"]
[EventCountry "GER"]
[SourceTitle "EXT 2016"]
[Source "ChessBase"]
[SourceDate "2015.10.08"]
[SourceVersion "1"]
[SourceVersionDate "2015.10.08"]
[SourceQuality "1"]
[WhiteTeam "Hamburg Koenigsspringer"]
[BlackTeam "Hamburg St Pauli"]
[WhiteTeamCountry "GER"]
[BlackTeamCountry "GER"]

1. e4 c6 2. d4 d5 3. exd5 cxd5 4. c4 Nf6 5. Nc3 g6 6. cxd5 Nxd5 7. Bc4 Nb6 8. Bb3 Bg7 9. Nf3 0-0 10. h3 Bf5 11. a4 a5 12. Bf4 Nc6 13. Nb5 Nd5 14. Be5 Nxe5 15. dxe5 Nf4 16. 0-0 Qb6 17. Qd2 Bh6 18. Kh2 Rfd8 19. Qe3 Qxe3 20. fxe3 Nd3 21. Nfd4 e6 22. g4 Be4 23. Nd6 Bxe3 24. Nxe6 fxe6 25. Bxe6+ Kg7 26. Rf7+ Kh8 27. Nxe4 Nxe5 28. Rc7 Re8 29. Nf6 Nxg4+ 30. hxg4 Bf4+ 31. Kg2 Bxc7 32. Nxe8 Rxe8 33. Re1 Kg7 34. Re2 Kf6 35. Bc4 Be5 36. Bd5 b6 37. b3 Rd8 38. Bc4 Rd4 39. Kh3 Bd6 40. Re3 Kg5 41. Rd3 Rxd3+ 42. Bxd3 h5 43. gxh5 Kxh5 44. Kg2 g5 45. Be2+ Kg6 46. Kf3 Kf5 47. Bd3+ Ke5 48. Kg4 Kd4 49. Bc4 Bf4 50. Bf7 Kc3 51. Bg8 Kb4 52. Bf7 b5 53. axb5 Kxb5 54. Bg8 Kb4 55. Bf7 1/2-1/2

[Event "Oberliga Nord N 1415"]
[Site "Germany"]
[Date "2015.01.18"]
[Round "5.5"]
[White "Kramer, Julian"]
[Black "Stenner, Patrick"]
[Result "1/2-1/2"]
[WhiteElo "2121"]
[BlackElo "2200"]
[PlyCount "100"]
[EventDate "2014.09.21"]
[EventType "team-tourn"]
[EventRounds "9"]
[EventCountry "GER"]
[SourceTitle "EXT 2016"]
[Source "ChessBase"]
[SourceDate "2015.10.08"]
[SourceVersion "1"]
[SourceVersionDate "2015.10.08"]
[SourceQuality "1"]
[WhiteTeam "Hamburger SK III"]
[BlackTeam "Hamburg St Pauli"]
[WhiteTeamCountry "GER"]
[BlackTeamCountry "GER"]

1. e4 c6 2. d4 d5 3. Nd2 dxe4 4. Nxe4 Nf6 5. Nxf6+ exf6 6. c3 Bd6 7. Bd3 0-0 8. Qc2 Re8+ 9. Ne2 Kh8 10. 0-0 Nd7 11. Bf4 Nf8 12. Bxd6 Qxd6 13. Ng3 Be6 14. Nf5 Bxf5 15. Bxf5 g6 16. Bd3 Re7 17. Rfe1 Rae8 18. Rxe7 Rxe7 19. Qd2 Kg7 20. Rd1 Ne6 21. Bf1 Rd7 22. g3 f5 23. Bg2 f4 24. d5 fxg3 25. hxg3 cxd5 26. Qxd5 Qxd5 27. Rxd5 Rxd5 28. Bxd5 Nd8 29. f4 f5 30. Kf2 Kf6 31. Ke3 h6 32. b4 b6 33. c4 Ne6 34. Bxe6 Kxe6 35. Kd4 g5 36. fxg5 hxg5 37. c5 bxc5+ 38. bxc5 a5 39. c6 Kd6 40. c7 Kxc7 41. Ke5 f4 42. gxf4 gxf4 43. Kxf4 Kc6 44. Ke4 Kc5 45. Kd3 Kb4 46. Kc2 a4 47. a3+ Kxa3 48. Kc1 Kb3 49. Kb1 a3 50. Ka1 a2 1/2-1/2

[Event "GER CupT V1"]
[Site "Berlin"]
[Date "2015.01.10"]
[Round "1.3"]
[White "Stenner, Patrick"]
[Black "Niese, Holger"]
[Result "1-0"]
[WhiteElo "2220"]
[BlackElo "2099"]
[PlyCount "69"]
[EventDate "2015.01.10"]
[EventType "team-k.o."]
[EventRounds "2"]
[EventCountry "GER"]
[SourceTitle "EXT 2019"]
[Source "ChessBase"]
[SourceDate "2018.10.10"]
[SourceVersion "1"]
[SourceVersionDate "2018.10.10"]
[SourceQuality "1"]
[WhiteTeam "Hamburg St Pauli"]
[BlackTeam "Weissensee Chemie"]
[WhiteTeamCountry "GER"]
[BlackTeamCountry "GER"]

1. e4 e6 2. d4 d5 3. Nc3 Bb4 4. a3 Bxc3+ 5. bxc3 dxe4 6. Qg4 Nf6 7. Qxg7 Rg8 8. Qh6 Rg6 9. Qe3 Nc6 10. Ne2 e5 11. dxe5 Nxe5 12. Ng3 Bg4 13. Qd4 Qxd4 14. cxd4 0-0-0 15. h3 Nc6 16. hxg4 Nxd4 17. Ra2 Nxg4 18. Rxh7 Rc6 19. Be2 Ne5 20. Bd1 f5 21. Bg5 Rg8 22. Be3 Nb5 23. Nxf5 Rxg2 24. Ne7+ Kd8 25. Nxc6+ bxc6 26. Kf1 Rg8 27. c4 Nxc4 28. Bb3 Nxe3+ 29. fxe3 Rg3 30. a4 Rf3+ 31. Rf2 Nd6 32. Rxf3 exf3 33. Bc2 Nc4 34. Kf2 Nd2 35. Bf5 1-0

[Event "Oberliga Nord N 1415"]
[Site "Germany"]
[Date "2014.11.09"]
[Round "3.4"]
[White "Stenner, Patrick"]
[Black "Schulenburg, Fabian"]
[Result "1-0"]
[WhiteElo "2200"]
[BlackElo "2217"]
[PlyCount "85"]
[EventDate "2014.09.21"]
[EventType "team-tourn"]
[EventRounds "9"]
[EventCountry "GER"]
[SourceTitle "EXT 2016"]
[Source "ChessBase"]
[SourceDate "2015.10.08"]
[SourceVersion "1"]
[SourceVersionDate "2015.10.08"]
[SourceQuality "1"]
[WhiteTeam "Hamburg St Pauli"]
[BlackTeam "Hamburg Diogenes"]
[WhiteTeamCountry "GER"]
[BlackTeamCountry "GER"]

1. e4 d5 2. exd5 Qxd5 3. Nc3 Qa5 4. Bc4 Nf6 5. d4 c6 6. Nge2 Nbd7 7. 0-0 g6 8. Re1 Bg7 9. Nf4 0-0 10. Bb3 e6 11. Ne4 Nxe4 12. Rxe4 e5 13. Bd2 Qc7 14. Nd3 exd4 15. Bf4 Qb6 16. Bd6 Nf6 17. Rf4 Re8 18. Bc5 Qd8 19. Qf3 Nd5 20. Rxf7 b6 21. Be7 Bg4 22. Qxg4 Rxe7 23. Rxe7 Qxe7 24. Re1 Qf7 25. Qe6 Qxe6 26. Rxe6 Kf8 27. Rxc6 Ne7 28. Rc7 Ke8 29. Nf4 Be5 30. Ne6 Rc8 31. Rxa7 d3 32. c3 b5 33. Rb7 d2 34. Kf1 Rc6 35. Ke2 Rd6 36. Nc7+ Kd8 37. Nxb5 Rf6 38. f3 Bf4 39. g3 Bh6 40. a4 Rf5 41. f4 g5 42. Nd6 Rf6 43. Ne4 1-0

[Event "Oberliga Nord N 1415"]
[Site "Germany"]
[Date "2014.09.21"]
[Round "1.5"]
[White "Fischer, Martin"]
[Black "Stenner, Patrick"]
[Result "0-1"]
[WhiteElo "2175"]
[BlackElo "2200"]
[PlyCount "124"]
[EventDate "2014.09.21"]
[EventType "team-tourn"]
[EventRounds "9"]
[EventCountry "GER"]
[SourceTitle "EXT 2016"]
[Source "ChessBase"]
[SourceDate "2015.10.08"]
[SourceVersion "1"]
[SourceVersionDate "2015.10.08"]
[SourceQuality "1"]
[WhiteTeam "Eppendorf Johanneum"]
[BlackTeam "Hamburg St Pauli"]
[WhiteTeamCountry "GER"]
[BlackTeamCountry "GER"]

1. e4 c6 2. Nf3 d5 3. exd5 cxd5 4. Ne5 Nc6 5. d4 g6 6. Bb5 Bd7 7. Nxd7 Qxd7 8. 0-0 Bg7 9. c3 a6 10. Ba4 Nf6 11. Nd2 0-0 12. Nf3 b5 13. Bb3 Ne4 14. Re1 Rfd8 15. Qe2 e6 16. Bc2 Nd6 17. h4 Re8 18. Bf4 e5 19. dxe5 Nc4 20. Bb3 N4xe5 21. Bxe5 Nxe5 22. Nxe5 Rxe5 23. Qd3 Rae8 24. Rxe5 Rxe5 25. Rd1 Bf6 26. g3 Qg4 27. Bxd5 Bxh4 28. Bf3 Qg5 29. Bg2 Bxg3 30. Qd8+ Kg7 31. Qxg5 Rxg5 32. fxg3 Rxg3 33. Kf2 Rg4 34. Rd4 Rg5 35. b4 h5 36. Rd6 Rf5+ 37. Bf3 f6 38. Rd5 Rf4 39. Kg3 Rc4 40. Rc5 h4+ 41. Kf2 Rf4 42. Ke3 g5 43. Be4 Rf1 44. Rc7+ Kf8 45. Bg2 Ra1 46. Rc6 Rxa2 47. Rxf6+ Ke7 48. Rf2 Ra3 49. Kd4 g4 50. Bd5 Ra1 51. Rf7+ Kd6 52. Rf6+ Ke7 53. Re6+ Kd8 54. Rg6 g3 55. Rh6 Rd1+ 56. Ke5 Rxd5+ 57. Kxd5 g2 58. Kd6 Ke8 59. Ke6 Kd8 60. Kd6 Ke8 61. Ke6 Kf8 62. Kf6 g1Q 0-1

[Event "Hamburg St Pauli op-A"]
[Site "Hamburg"]
[Date "2014.07.24"]
[Round "6"]
[White "Jugelt, Tobias"]
[Black "Stenner, Patrick"]
[Result "1-0"]
[WhiteElo "2412"]
[BlackElo "2201"]
[PlyCount "57"]
[EventDate "2014.07.19"]
[EventType "swiss"]
[EventRounds "9"]
[EventCountry "GER"]
[SourceTitle "CBM 161 Extra"]
[Source "ChessBase"]
[SourceDate "2014.08.29"]
[SourceVersion "1"]
[SourceVersionDate "2014.08.29"]
[SourceQuality "1"]

1. d4 d5 2. c4 c6 3. Nf3 Nf6 4. e3 g6 5. Nc3 Bg7 6. Be2 0-0 7. 0-0 Re8 8. Bd2 Nbd7 9. cxd5 cxd5 10. Qb3 e5 11. Nxd5 exd4 12. Nxd4 Ne4 13. Bb4 a5 14. Qa3 Qg5 15. Ne7+ Kh8 16. Nxc8 Rexc8 17. Be7 Qh6 18. Rad1 Ne5 19. Qb3 Rc7 20. Ba3 Qh4 21. Nb5 Rc6 22. Qa4 g5 23. Rd4 Rh6 24. h3 f5 25. Nd6 b5 26. Qxb5 Nxd6 27. Bxd6 Nf3+ 28. Bxf3 Bxd4 29. Bxa8 1-0

[Event "Hamburg St Pauli op-A"]
[Site "Hamburg"]
[Date "2014.07.22"]
[Round "4"]
[White "Kololli, Kevin"]
[Black "Stenner, Patrick"]
[Result "0-1"]
[WhiteElo "2071"]
[BlackElo "2201"]
[PlyCount "62"]
[EventDate "2014.07.19"]
[EventType "swiss"]
[EventRounds "9"]
[EventCountry "GER"]
[SourceTitle "CBM 161 Extra"]
[Source "ChessBase"]
[SourceDate "2014.08.29"]
[SourceVersion "1"]
[SourceVersionDate "2014.08.29"]
[SourceQuality "1"]

1. e4 c6 2. c4 d6 3. Nc3 Nf6 4. d4 g6 5. h3 Bg7 6. Nf3 a6 7. a4 a5 8. Be2 Na6 9. 0-0 0-0 10. Be3 Qc7 11. Qd2 Re8 12. Rfe1 Nb4 13. Ng5 e5 14. dxe5 dxe5 15. Rad1 h6 16. Nf3 Kh7 17. Qc1 Nh5 18. Bf1 Nf4 19. b3 Ne6 20. Rd2 Bf8 21. Red1 Nc5 22. Qb2 Be6 23. g3 f6 24. Ne1 Rad8 25. Rxd8 Rxd8 26. Rxd8 Qxd8 27. Qb1 Bc8 28. f3 Ne6 29. h4 Bc5 30. Nd1 Qd2 31. Bf2 Qxe1 0-1

[Event "Hamburg St Pauli op-A"]
[Site "Hamburg"]
[Date "2013.07.10"]
[Round "6"]
[White "Kambor, Joachim"]
[Black "Stenner, Patrick"]
[Result "1-0"]
[WhiteElo "2098"]
[BlackElo "2226"]
[PlyCount "63"]
[EventDate "2013.07.06"]
[EventType "swiss"]
[EventRounds "9"]
[EventCountry "GER"]
[SourceTitle "CBM 155 Extra"]
[Source "ChessBase"]
[SourceDate "2013.08.26"]
[SourceVersion "1"]
[SourceVersionDate "2013.08.26"]
[SourceQuality "1"]

1. d4 g6 2. c4 Bg7 3. Nf3 d6 4. Nc3 Nf6 5. e4 0-0 6. Be2 Bg4 7. Be3 Nfd7 8. Nd2 Bxe2 9. Qxe2 c5 10. d5 Na6 11. 0-0 Nc7 12. Rab1 a6 13. Rfc1 e6 14. a3 exd5 15. exd5 f5 16. Nf3 Qf6 17. b4 Rfe8 18. Qd2 b5 19. bxc5 dxc5 20. cxb5 Nxb5 21. Nxb5 axb5 22. Rxb5 Qa6 23. Rbb1 Qxa3 24. Rb7 f4 25. Bxf4 Nf6 26. d6 Rad8 27. Rc7 Ne4 28. Qd5+ Kh8 29. Rf1 Nc3 30. Qf7 Ne2+ 31. Kh1 Qc3 32. Be5 1-0

[Event "Hamburg St Pauli op-A"]
[Site "Hamburg"]
[Date "2013.07.09"]
[Round "4"]
[White "Novikova, Galina"]
[Black "Stenner, Patrick"]
[Result "1-0"]
[WhiteElo "2020"]
[BlackElo "2226"]
[PlyCount "79"]
[EventDate "2013.07.06"]
[EventType "swiss"]
[EventRounds "9"]
[EventCountry "GER"]
[SourceTitle "CBM 155 Extra"]
[Source "ChessBase"]
[SourceDate "2013.08.26"]
[SourceVersion "1"]
[SourceVersionDate "2013.08.26"]
[SourceQuality "1"]

1. e4 c6 2. d4 d5 3. Nc3 dxe4 4. Nxe4 Nf6 5. Nxf6+ exf6 6. Nf3 Bd6 7. Be2 0-0 8. 0-0 Re8 9. c4 Nd7 10. b3 Nf8 11. Bb2 Bg4 12. h3 Be6 13. Re1 Bb4 14. Nd2 Qd6 15. a3 Ba5 16. b4 Bc7 17. Nf1 Ng6 18. c5 Qd7 19. Ng3 Nh4 20. Bf1 Qd5 21. Qe2 f5 22. Qh5 f4 23. Qxh4 fxg3 24. Re3 gxf2+ 25. Qxf2 Bd7 26. Rae1 Re6 27. Bd3 Rae8 28. Qh4 f5 29. Rxe6 Bxe6 30. Qf2 g6 31. Qc2 Kf8 32. Qd2 Re7 33. Rc1 Qd8 34. d5 Qxd5 35. Qc3 Bg8 36. Qf6+ Qf7 37. Qh8 Qe8 38. Rf1 Rf7 39. Bd4 Qe6 40. Rc1 1-0

[Event "Hamburg St Pauli op-A"]
[Site "Hamburg"]
[Date "2013.07.07"]
[Round "2"]
[White "Kololli, Kevin"]
[Black "Stenner, Patrick"]
[Result "1/2-1/2"]
[WhiteElo "1925"]
[BlackElo "2226"]
[PlyCount "68"]
[EventDate "2013.07.06"]
[EventType "swiss"]
[EventRounds "9"]
[EventCountry "GER"]
[SourceTitle "CBM 155 Extra"]
[Source "ChessBase"]
[SourceDate "2013.08.26"]
[SourceVersion "1"]
[SourceVersionDate "2013.08.26"]
[SourceQuality "1"]

1. e4 c6 2. d4 d5 3. Nc3 dxe4 4. Nxe4 Nd7 5. Bd3 Ndf6 6. c3 Nxe4 7. Bxe4 Nf6 8. Bc2 Qd5 9. f3 Bf5 10. Ne2 Bxc2 11. Qxc2 e6 12. Bf4 Bd6 13. Bxd6 Qxd6 14. 0-0 0-0 15. Rad1 e5 16. Rfe1 Rfe8 17. dxe5 Qxe5 18. Qd2 h6 19. Nd4 Qc5 20. Qf2 Qc4 21. a3 Qd5 22. Nc2 Rxe1+ 23. Rxe1 Rd8 24. Qd4 Qa5 25. Qf2 Rd7 26. Ne3 b6 27. g3 Qb5 28. Qe2 Qg5 29. c4 Qe5 30. Kf2 Re7 31. Nf5 Qc5+ 32. Ne3 a5 33. Rd1 Re8 34. Rd3 Qh5 1/2-1/2

[Event "Hamburg St Pauli op"]
[Site "Hamburg"]
[Date "2012.07.15"]
[Round "9"]
[White "Stenner, Patrick"]
[Black "Krause, Benedict"]
[Result "1/2-1/2"]
[WhiteElo "2237"]
[BlackElo "1985"]
[PlyCount "59"]
[EventDate "2012.07.07"]
[EventType "swiss"]
[EventRounds "9"]
[EventCountry "GER"]
[SourceTitle "EXT 2013"]
[Source "ChessBase"]
[SourceDate "2012.11.22"]
[SourceVersion "1"]
[SourceVersionDate "2012.11.22"]
[SourceQuality "1"]

1. e4 c6 2. d4 d5 3. f3 dxe4 4. fxe4 e5 5. Nf3 Bg4 6. dxe5 Qxd1+ 7. Kxd1 Nd7 8. Bf4 Ne7 9. h3 Bxf3+ 10. gxf3 Ng6 11. Bg3 Ndxe5 12. Nd2 0-0-0 13. Ke2 Bb4 14. Nb3 Nc4 15. h4 Bd6 16. Kf2 Nxb2 17. a4 Ne5 18. Be2 f5 19. exf5 Nec4 20. Bxd6 Nxd6 21. Rhg1 Rd7 22. Na5 Re8 23. Rgb1 Re5 24. Nxc6 bxc6 25. Rxb2 Rxf5 26. Bd3 Rf6 27. Rb4 c5 28. Rg4 h6 29. Rag1 Rdf7 30. R1g3 1/2-1/2